<?xml version="1.0" encoding="UTF-8"?>
<record
    xmlns:xsi="http://www.w3.org/2001/XMLSchema-instance"
    xsi:schemaLocation="http://www.loc.gov/MARC21/slim http://www.loc.gov/standards/marcxml/schema/MARC21slim.xsd"
    xmlns="http://www.loc.gov/MARC21/slim">

  <leader>01713nam a22002297a 4500</leader>
  <controlfield tag="003">DO-SdBJH</controlfield>
  <controlfield tag="005">20240612145918.0</controlfield>
  <controlfield tag="008">240612b        |||||||| |||| 00| 0 spa d</controlfield>
  <datafield tag="040" ind1=" " ind2=" ">
    <subfield code="a">DO-SdBJH</subfield>
    <subfield code="b">spa</subfield>
    <subfield code="c">DO-SdBJH</subfield>
  </datafield>
  <datafield tag="090" ind1=" " ind2=" ">
    <subfield code="a">TG EGAEE</subfield>
    <subfield code="b">02058 2022</subfield>
  </datafield>
  <datafield tag="100" ind1="1" ind2=" ">
    <subfield code="a">Minaya Hern&#xE1;ndez, Natanael Enrique</subfield>
    <subfield code="e">sustentante</subfield>
  </datafield>
  <datafield tag="245" ind1="1" ind2="0">
    <subfield code="a">Elementos de transformaci&#xF3;n que han alcanzado las Fuerzas Armadas de Rep&#xFA;blica Dominicana para hacer frente a la nueva amenaza migraci&#xF3;n masiva irregular haitiana en la frontera terrestre dominico-haitiana, per&#xED;odo 2020-2022 / </subfield>
    <subfield code="c">Natanael Enrique Minaya Hern&#xE1;ndez, asesores Jon&#xE1;s Reynoso Barrera, Tebi Rodr&#xED;guez Hern&#xE1;ndez</subfield>
  </datafield>
  <datafield tag="260" ind1=" " ind2=" ">
    <subfield code="a">Santo Domingo :</subfield>
    <subfield code="b">INSUDE, </subfield>
    <subfield code="c">2022</subfield>
  </datafield>
  <datafield tag="300" ind1=" " ind2=" ">
    <subfield code="a">iii, 96 p&#xE1;ginas, diagramas, fotos, cuadros</subfield>
  </datafield>
  <datafield tag="502" ind1=" " ind2=" ">
    <subfield code="a">Tesis (Maestr&#xED;a en Defensa y Seguridad Nacional). -- Instituto Superior para la Defensa (INSUDE). Escuela de Graduados de Altos Estudios Estrat&#xE9;gico, 2022</subfield>
  </datafield>
  <datafield tag="504" ind1=" " ind2=" ">
    <subfield code="a">Incluye referencias bibliogr&#xE1;ficas e &#xED;ndices</subfield>
  </datafield>
  <datafield tag="505" ind1=" " ind2=" ">
    <subfield code="a">Fuerzas Armadas de Rep&#xFA;blica Dominicana y su componenete para el cumplimiento de sus tareas misionales en la frontera terrestre dominico haitiana. -- Principales amenazas a la seguridad y defensa nacional en la frontera terrestre dominico-haitiana. -- Elementos de tranformaci&#xF3;n de las Fuerzas Armadas para eficientizar el cumplimiento de sus tareas misinales y contrarrestar la migraci&#xF3;n masiva irregular haitiana en la frontera terrestre dominico-haitiana, 2020-2022</subfield>
  </datafield>
  <datafield tag="700" ind1="1" ind2=" ">
    <subfield code="a">Reynoso Barrera, Jon&#xE1;s</subfield>
    <subfield code="e">asesor</subfield>
  </datafield>
  <datafield tag="700" ind1="1" ind2=" ">
    <subfield code="a">Rodr&#xED;guez Hern&#xE1;ndez, Tebi</subfield>
    <subfield code="e">asesor</subfield>
  </datafield>
  <datafield tag="830" ind1=" " ind2=" ">
    <subfield code="a">INSUDE.  Escuela de Graduados de Altos Estudios Estrat&#xE9;gico.  Tesis y disertaciones acad&#xE9;micas</subfield>
  </datafield>
  <datafield tag="942" ind1=" " ind2=" ">
    <subfield code="2">CL</subfield>
    <subfield code="c">T</subfield>
  </datafield>
  <datafield tag="999" ind1=" " ind2=" ">
    <subfield code="c">7747</subfield>
    <subfield code="d">7747</subfield>
  </datafield>
  <datafield tag="952" ind1=" " ind2=" ">
    <subfield code="0">0</subfield>
    <subfield code="1">0</subfield>
    <subfield code="2">CL</subfield>
    <subfield code="4">0</subfield>
    <subfield code="7">0</subfield>
    <subfield code="8">CG</subfield>
    <subfield code="a">BJHA</subfield>
    <subfield code="b">BJHA</subfield>
    <subfield code="d">2024-06-12</subfield>
    <subfield code="i">22-02058</subfield>
    <subfield code="l">0</subfield>
    <subfield code="o">TG EGAEE 02058 2022</subfield>
    <subfield code="p">22-02058</subfield>
    <subfield code="r">2024-06-12 14:59:44</subfield>
    <subfield code="t">e.1</subfield>
    <subfield code="w">2024-06-12</subfield>
    <subfield code="y">T</subfield>
  </datafield>
</record>
